00733pam a2200241 a 4500001000800000005001700008008004100025010001700066020001500083040001800098041000800116042000900124080001600133082002000149100000700169101000800176245006400184504005400248906004500302942001200347999001700359952011500376258231220180221050307.0961216s1997 nhu b 000 0 eng  a 96053181  a0435072374 aDLCcDLCdDLC aeng alcac a372.47 OLI00a372.47 OLI2211 a48 aEDU10aMosaic of thought :cEllin Oliver Keene & Susan Zimmermann. aIncludes bibliographical references (p. 253-255). a7bcbucorignewd1eocipf19gy-gencatlg 2ddccBK c43029d43029 00102udc40708PËKGa002b002cPËKGd2018-02-21l0o372.47 OLIp002-2999817r2018-02-21w2018-02-21yBK